100 ciudades de América por pistas - Estadísticas

Estadísticas generales
  • Esta prueba ha sido intentada 47 veces
  • La puntuación promedio es 43 de 100
Estadísticas de respuestas
Hint Respuesta % Correcto
La Avenida 9 de Julio, la Bombonera y el Estadio Monumental Buenos Aires
79%
La Feria Estatal de Texas, los Cowboys de la NFL y el asesinato de J.F.K. Dallas
73%
Creciente centro de negocios sobre el río Paraguay, que alberga el Palacio de López Asunción
70%
Coca Cola, la música trap y las Olimpiadas del '96 Atlanta
67%
El río Magdalena, el carnaval y la estatua de Shakira Barranquilla
67%
Principal balneario de la península de Yucatán Cancún
67%
Centro de un paraíso fiscal, notable por la densidad de rascacielos y su canal artificial Ciudad de Panamá
67%
Por fuera del casco viejo se encuentra el Museo de Bob Marley Kingston
67%
Los autos clásicos y la Plaza de la Revolución donde está la escultura del Che La Habana
67%
El Caesars Palace, los imitadores de Elvis y la réplica de la Torre Eiffel Las Vegas
67%
El Museo de Antioquia, la Plaza Botero y el cartel de Pablo Escobar Medellín
67%
Times Square, Wall Street y Central Park Nueva York
67%
Walt Disney World y Universal Studios Orlando
67%
El Golden Gate, el barrio gay de Castro y el Verano del Amor San Francisco
67%
Hollywood, Bel Air y Silver Lake Los Ángeles
64%
El Parlamento de Canadá, el canal Rideau y el festival Winterlude Ottawa
64%
La Casa Blanca, el Capitolio y la Corte Suprema Washington D.C.
64%
El Motín de Té, el Freedom Trail y la inmigración irlandesa Boston
61%
Ford, General Motors y Chrysler Detroit
61%
La Ciudad Mitad del Mundo Quito
61%
Pan de Azucar, Copacabana e Ipanema Río de Janeiro
61%
El Monumento a la Bandera, el río Paraná y Lionel Messi Rosario
61%
Urbe planificada en los '60 con forma de avión, en cuya "cabina" se encuentra la Plaza de los Tres Poderes Brasilia
58%
La Revuelta de Haymarket, Al Capone y la música house Chicago
58%
La Campana de la Libertad, el cheesesteak y Rocky Balboa Filadelfia
58%
Ciudad de los "tapatíos", el mariachi y el tequila Guadalajara
58%
South Beach, Pequeña Habana y los Everglades Miami
58%
Ciudad caribeña donde se encuentra un conocido enclave militar estadounidense Guantánamo
55%
Starbucks, Space Needle y la música grunge Seattle
55%
La Torre CN, el lago Ontario y el festival de cine internacional Toronto
55%
Ciudad acunada en el valle del Río Grande donde transcurre la serie Breaking Bad Albuquerque
52%
Cuna de la música salsa en el Valle del Cauca Cali
52%
El Palacio de Miraflores, la Casa Natal del Libertador y el cerro Ávila Caracas
52%
Gran ciudad centroamericana cercana a los volcanes Pacaya y de Fuego Ciudad de Guatemala
52%
Tenochtitlán, el Ángel de la Independencia y la Virgen de Guadalupe Ciudad de México
52%
Ciudad fronteriza con El Paso, conocida por su actividad criminal Ciudad Juárez
48%
El mar Argentino, la Rambla Casino y los lobos marinos Mar del Plata
48%
El río San Lorenzo, la red peatonal subterránea y los Canadiens del hockey sobre hielo Montreal
48%
El Mardi Gras, la música jazz y Bourbon Street Nueva Orleans
48%
Alguna de las ciudades consideradas como las más australes del mundo Punta Arenas / Ushuaia
48%
El Estadio Mineirão, el lago Pampulha y la Sierra del Curral Belo Horizonte
45%
Capital del Imperio Inca que exhibe los templos de Sacsayhuamán y Coricancha Cusco
45%
Ciudad-puerto petrolera donde se encuentra el Centro Espacial de la NASA Houston
45%
Se la conoce como "Ciudad de los Reyes" y es aledaña al puerto Callao Lima
45%
Antigua capital de la colonia de Saint-Domingue en La Española Puerto Príncipe
45%
Su barrera de coral en Boa Viagem protege a los turistas de los tiburones Recife
45%
La Misión de El Álamo, la Torre de las Américas y los Spurs San Antonio
45%
Gran ciudad de Baja California, fronteriza con San Diego Tijuana
45%
Urbe de los Andes Patagónicos sobre el lago Nahuel Huapi que ofrece centros de esquí y chocolaterías Bariloche
42%
La Candelaria, Monserrate y Guadalupe Bogotá
42%
Una de las capitales mundiales del vino, al pie de los Andes Mendoza
42%
Metrópoli de la región conocida como Valle del Sol de Arizona Phoenix
42%
La "ciudad verde" del estado de Oregón característica por el desarrollo de la industria de alta tecnología Portland
42%
El Museo USS Midway, la Comic-Con y el Balboa Park San Diego
42%
Principal centro urbano de los llanos bolivianos Santa Cruz de la Sierra
42%
Ciudad de la Columbia Británica donde se encuentran el Stanley Park y el distrito Granville Island Vancouver
42%
Cuna del himno nacional de EE.UU sobre la bahía de Chesapeake Baltimore
39%
La Ciudad Amurallada, la Torre del Reloj y las playas blancas de Barú Cartagena
39%
Ciudad de las Sierras Pampeanas conocida por las estancias jesuíticas Córdoba
39%
Ciudad pampeana planificada, conocida por sus diagonales y su tradición académica La Plata
39%
Ciudad turística al este de La Española, a orillas de la Costa del Coco Punta Cana
39%
El Palacio de la Moneda, La Gran Torre y La Alameda Santiago de Chile
39%
El ponte estaiada, el edificio Copan y el Trio de Ferro del fútbol brasileño Sao Paulo
39%
Ciudad sobre el altiplano paranaense que cuenta con un innovador sistema de transporte Curitiba
36%
el Illimani, el Mercado de las Brujas y los teleféricos La Paz
36%
Capital de la música country Nashville
36%
Su Ciudad Colonial alberga la primera catedral y el primer castillo de América Santo Domingo
36%
La playa Icacos, La Quebrada y los clubes nocturnos Acapulco
33%
Ciudad-puerto en Atacama donde se exhibe la Mano del Desierto Antofagasta
33%
Urbe tropical que exhibe el Teatro Amazonas y el puente sobre el río Negro Manaos
33%
El río Mississippi, la música blues y Graceland Memphis
33%
Centro industrial y de negocios en las faldas de la Sierra Madre Oriental Monterrey
33%
Balneario sobre el Pacífico Sur donde se realiza un importante festival de música internacional Viña del Mar
33%
Ciudad producto de la colonización neerlandesa en el actual estado de Ceará Fortaleza
30%
Ciudad-puerto que exhibe el Malecón 2000 frente al río Guayas Guayaquil
30%
El Palacio Salvo, el candombe y la Noche de la Nostalgia Montevideo
30%
Centro de la cultura gaúcha donde se encuentra el Arena do Grêmio Porto Alegre
30%
Ciudad-puerto en el estuario del Amazonas, donde está el mercado Ver-o-Peso Belén
27%
Centro turístico en las serranías ecuatorianas, conocido por las ruinas de Pumapungo y su arquitectura colonial Cuenca
27%
Ciudad al este de la Cordillera Front, conocida por su producción cervecera Denver
27%
La Perla, Santurce y el Castillo de San Cristóbal San Juan
27%
Ciudad-puerto del Pacífico Sur donde están el ascensor Artillería y los cerros Concepción y Bellavista Valparaíso
27%
Ciudad petrolera en las praderas canadienses donde se da el Stampede Rodeo Calgary
24%
Ciudad a orillas del lago Erie que exhibe el Paseo de la Fama del Rock and Roll Cleveland
24%
Creciente ciudad-puerto sobre el Atlántico Norte, en la península de Nueva Escocia Halifax
24%
Polo petrolero sobre el lago homónimo, donde se celebra la Feria de La Chinita Maracaibo
24%
El Zócalo, la cerámica de Talavera y el chile en nogada Puebla
24%
Pequeño centro turístico de orígenes galeses en la Patagonia atlántica donde es posible avistar ballenas y pingüinos Puerto Madryn
24%
Ciudad-puerto fundada por Hernán Cortés sobre el Golfo de México Veracruz
24%
La Guerra del Agua, el Cristo de la Concordia y los valles interandinos Cochabamba
21%
Principal ciudad de la Gran Cuenca estadounidense que ofrece centros de esquí y snowboard Salt Lake City
21%
La selva templada, el Terremoto del '60 y la colonización alemana Valdivia
21%
Alguna de las "Ciudades Gemelas" que se encuentran en el tramo alto del Misisipi Minneapolis / Saint Paul
18%
Pelourinho, el Faro de la Barra y la capoeira Salvador de Bahía
18%
Balneario en el estuario de la bahía de Chesapeake cuya playa es de las más largas del mundo Virginia Beach
18%
Ciudad-puerto de la Amazonía peruana conocida por sus palafitos Iquitos
15%
Ciudad del Bajío conocida por su acueducto y su creciente desarrollo de la aeronáutica Querétaro
15%
Ciudad del Bajío conocida por su tradición minera y sus calles subterráneas Guanajuato
12%
Capital de Baja California, conocida por su influencia china Mexicali
12%
Principal centro urbano del Bajío conocido por el Arco de La Calzada y su producción de calzado León
9%
No se encontraron pruebas coincidentes
Distribución de puntuación
Porcentaje de gente con cada puntuación
Porcentaje por número respondido
Historial de tus puntuaciones
No has intentado esta prueba.